000 01141nam a2200313 i 4500
003 EG-GICUC
005 20260507174946.0
008 260507s1954 fr ||||fr|||| 00| 0 fre d
040 _aEG-GiCUC
_bfre
_cEG-GiCUC
_dEG-GiCUC
_eRda
041 _afre
082 0 4 _221
_a345.2
_bLA.R
092 0 4 _221
099 _aLaw1 07 345.2 LA.R 1954
100 1 _aLaubadere , Andre De
_eAuteur
245 _aLes Réformes Administratives De 1953 :
_bLes Pouvoirs Réglementaires Élargis La Réforme Du Contentieux Administratif La Reforme Administrative /
_c Andre De Laubadere .
264 _aParis :
_bLIBRAIRIE GÉNÉRALE DE DROIT ET DE JURISPRUDENCE ,
_c1954 .
300 _a46 page ;
_c 24 cm.
336 _2rda contenu
_a texte
337 _2rda medias
_aOrdinateur
338 _2 transporteur rda
_a Ressource en ligne
500 _aAddendum au Traité élémentaire de droit administratif
546 _aTexte en français
650 1 _aDroit administratif
650 1 _aOrganisation administrative
651 1 _2qrmak
856 4 0 _uhttps://fll.law.cu.edu.eg/fulltext/bks/B07-05734.pdf
905 _a60
942 _2ddc
_cBK
_e21
_n0
999 _c76208
_d76208